2023-2024 UEFA Champions League Teams Map Quiz - Statistics

General Stats
  • This quiz has been taken 398 times
  • The average score is 27 of 32
Answers on the Map
Answers color-coded by a green-red scale on the quiz's map according to % correct below.
 
Answer Stats
Team % Correct
Manchester City
97%
Paris Saint-Germain
97%
Real Madrid
97%
Barcelona
96%
Milan
95%
Arsenal
93%
Bayern Munich
92%
Porto
92%
Atlético Madrid
91%
Benfica
90%
Borussia Dortmund
90%
Manchester United
90%
Inter Milan
89%
Napoli
89%
Newcastle United
88%
Sevilla
88%
Celtic
86%
Galatasaray
85%
PSV Eindhoven
83%
Lazio
80%
Shakhtar Donetsk
80%
Red Bull Salzburg
79%
Copenhagen
78%
Feyenoord
78%
Young Boys
75%
Braga
74%
Red Star Belgrade
73%
Union Berlin
72%
Real Sociedad
71%
RB Leipzig
69%
Lens
65%
Antwerp
62%
No matching quizzes found
Score Distribution
Percent of People with Each Score
Percentile by Number Answered
Your Score History
You have not taken this quiz